| 000 | 01476nam a2200289 a 4500 | ||
|---|---|---|---|
| 001 | 000045327 | ||
| 005 | 20240510073817.0 | ||
| 008 | 150303s2015 dr ac 000 0 spa d | ||
| 020 | _a9789945887693 | ||
| 040 |
_aDO-SdBNP _bspa _cBNPHU |
||
| 082 |
_a101 _bF825i |
||
| 100 | 1 |
_aFranco Santiago, José Alt., _d1958- _973347 |
|
| 245 | 1 | 0 |
_aIntroducción a la filosofía : _buna perspectiva latinoamericana y cristiana / _cJosé Alt. Franco Santiago, Yoselman Rodwin Mirabal ; prólogo Wilfredo Rosario Carrión. |
| 260 |
_aSanto Domingo : _bMirabal Producciones, _c2015. |
||
| 300 |
_a160 p. : _bil., retrs. ; _c23 cm. |
||
| 500 | _aIncluye datos biográficos de los autores en la solapa de la cubierta. | ||
| 500 | _aLa biblioteca posee 3 ejemplares autografiados por el autor. | ||
| 504 | _aBibliografía : p. 157- 160 | ||
| 505 | 0 |
_tAspectos fundamentales de la filosofía -- _tOrigen del pensamiento filosófico -- _tEl conocimiento: Niveles, tipos e importancia -- _tCorrientes filosóficas y filosofía contemporánea -- _tLógica y teorías del pensamiento -- _tFundamentos filosóficos de justicia ética moral -- _tGlosario de términos filosóficos. |
|
| 590 | _aInventariado, 2018 /LP | ||
| 650 | 0 |
_aFilosofía _9813 |
|
| 650 | 4 |
_aFilosofía latinoamericana _9471 |
|
| 650 | 4 |
_aFilosofía dominicana _9473 |
|
| 700 | 1 | 2 |
_aRodwin Mirabal, Yoelman, _d1969- _973348 |
| 700 | 1 | 2 |
_aRosario Carrión, Wilfredo, _epról. _973349 |
| 910 | _aValidado. Control de calidad MFF | ||
| 999 |
_c44816 _d44816 |
||